| 000 | 00934nam0a22002531 4500 | ||
|---|---|---|---|
| 001 | rc\4433448 | ||
| 005 | 20250612082429.0 | ||
| 021 |
_aRU _b[59-44870] |
||
| 035 | _a(NLR Aleph) 008577345 | ||
| 090 |
_a8563276 _c8563276 |
||
| 100 | _a20130416d1959 |||y0rusy50 ca | ||
| 101 | 0 | _arus | |
| 102 | _aRU | ||
| 105 | _aa z ||||| | ||
| 200 | 1 |
_aИз опыта преподавания истории _e[Сборник статей] _fПод ред. П.В. Гора _gАкад. пед. наук РСФСР. Пед. чтения. Ин-т методов обучения |
|
| 210 |
_aМосква _cИзд-во Акад. пед. наук РСФСР _d1959 |
||
| 215 |
_a111 с. _cил. _d22 |
||
| 606 |
_aИстория _xМетодика преподавания _jСборники _2psbo |
||
| 702 | 1 |
_aГора _bП.В. _4340 |
|
| 801 | 0 |
_aRU _bNLR _gpsbo |
|
| 801 | 1 |
_aRU _bELAR _2rusmarc |
|
| 852 |
_aNLR _j59-5/3181 |
||
| 942 | _cBOOK | ||
| 980 | _aNB | ||